| 000 | 00911nam a22002417a 4500 | ||
|---|---|---|---|
| 005 | 2008060203433.0 | ||
| 008 | 080602t xxu||||| |||| 00| 0 eng d | ||
| 010 | _aENG-90257 | ||
| 020 |
_a0195688015 _c145.00 |
||
| 035 | _aEN-73790 | ||
| 037 | _bDBAD / PUB | ||
| 040 |
_adpl _bENG |
||
| 082 | _a595.789 | ||
| 100 | _aGay, Thomas | ||
| 245 |
_aButterflies of India / _b _cby Thomas Gay, Isaac David Kehimkar [and] Jagdish Chandra Punetha |
||
| 260 |
_aNew Delhi _bOxford University Press _c2008 |
||
| 300 |
_avii, 71p.: _c26 cm (pbk) _bcol. & b&w photos |
||
| 500 | _aIncludes glossary & index | ||
| 700 | _aKehimkar, Isaac David | ||
| 700 | _aPunetha, Jagdish Chandra | ||
| 942 |
_2ddc _cEN _h595.789 _mGAY |
||
| 999 |
_c13126 _d13126 |
||